00398 a2200145 4500010001400000020002300014035001300037037001800050082001100068100002300079245005900102260004200161300002900203500002000232 aENG-85345 c750.00a8188689262 aEN-68878 bD.B.Act / Pub14a582.131 aZomlefer, Wendy B.1 aGuide to flowring plant familiescby Wendy B. Zomlefer aNew DelhibOverseas Press Indiac2006 aix, 430 p.c28 cm (Pbk.) aIncludes index